00429 a2200145 4500020001500000020001800015082001100033100002000044245011000064250001200174260003900186300002100225700001800246700001900264 a0750307595 a978075030759804a536.71 aLeff, Harvey S.10aMaxwell's demon 2 :bentropy, classical and quantum information, computing /cHarvey Leff, Andrew F. Rex. a1st ed. a[S.l.] :bTaylor & Francis,c2002. a502 p. ;c25 cm.1 aLeff, Harvey.1 aRex, Andrew F.